Microsolf office powerpoint 2003 : Brief

The I-Series leads the student through clear, error-free, and unambiguous steps to accomplish tasks that produce a finished document, work sheet or database table. The approach is not simply results-oriented; teaching how to accomplish a task is not enough for complete understanding and mastery. Pri...

Volledige beschrijving

Bewaard in:
Bibliografische gegevens
Hoofdauteur: Haag, Stephen
Formaat: Boek
Taal:Undetermined
Gepubliceerd in: Boston McGraw-Hill 2004
Onderwerpen:
Tags: Voeg label toe
Geen labels, Wees de eerste die dit record labelt!
Thư viện lưu trữ: Trung tâm Học liệu Trường Đại học Cần Thơ
LEADER 01255nam a2200217Ia 4500
001 CTU_138385
008 210402s9999 xx 000 0 und d
020 |c 36.25 
082 |a 006.6 
082 |b H111 
100 |a Haag, Stephen 
245 0 |a Microsolf office powerpoint 2003 : 
245 0 |b Brief 
245 0 |c Stephen Haag, James Perry, Amy Phillips 
260 |a Boston 
260 |b McGraw-Hill 
260 |c 2004 
520 |a The I-Series leads the student through clear, error-free, and unambiguous steps to accomplish tasks that produce a finished document, work sheet or database table. The approach is not simply results-oriented; teaching how to accomplish a task is not enough for complete understanding and mastery. Prior to introducing steps, the authors discuss why each step is important and what roll all the steps play in the overall plan for creating a document, workbook or database. The I-Series Applications textbooks strongly emphasize that students learn and master applications skills by being actively engaged by doing. 
650 |a Presentation graphics software,Microsoft PowerPoint,Trình bày các phần mềm đồ họa 
904 |i Liễu 
980 |a Trung tâm Học liệu Trường Đại học Cần Thơ